UM Logo

Income taxation : (Record no. 18529)

MARC details
000 -LEADER
fixed length control field 00555nam a22001577a 4500
005 - DATE AND TIME OF LATEST TRANSACTION
control field 20251001111627.0
008 - FIXED-LENGTH DATA ELEMENTS--GENERAL INFORMATION
fixed length control field 231128b ||||| |||| 00| 0 eng d
082 ## - DEWEY DECIMAL CLASSIFICATION NUMBER
Classification number DFil 336.24 Am74 2023
100 ## - MAIN ENTRY--PERSONAL NAME
Personal name Ampongan, Omar Erasmo G.
9 (RLIN) 50221
245 ## - TITLE STATEMENT
Title Income taxation :
Remainder of title (includes CREATE ACT) /
Statement of responsibility, etc. Omar Erasmo G. Ampongan.
250 ## - EDITION STATEMENT
Edition statement 17th edition.
260 ## - PUBLICATION, DISTRIBUTION, ETC. (IMPRINT)
Place of publication, distribution, etc. [Manila] :
Name of publisher, distributor, etc. [Publisher not identified],
Date of publication, distribution, etc. ©[2020?].
300 ## - PHYSICAL DESCRIPTION
Extent 688 pages :
Other physical details illustrations ;
Dimensions 21 cm.
650 ## - SUBJECT ADDED ENTRY--TOPICAL TERM
Topical term or geographic name as entry element Income tax
General subdivision Law legislation
Geographic subdivision Philippines.
9 (RLIN) 50343
942 ## - ADDED ENTRY ELEMENTS (KOHA)
Source of classification or shelving scheme Dewey Decimal Classification
Koha item type Filipiniana
Holdings
Withdrawn status Lost status Source of classification or shelving scheme Damaged status Not for loan Collection code Home library Current library Shelving location Date acquired Source of acquisition Cost, normal purchase price Total Checkouts Full call number Barcode Date last seen Date last checked out Price effective from Koha item type
    Dewey Decimal Classification     Filipiniana UM Digos College - LIC UM Digos College - LIC Book Cart 08/08/2023 Purchased 995.00 1 DFil 336.24 Am74 [2020?] 27315 04/16/2026 04/14/2026 11/28/2023 Filipiniana